banner-ar

القران وعلومة - الحديث وعلومة / (Record no. 48168)

MARC details
000 -الفاتح
حقل البيانات ثابتة الطول 00617nam a2200205Ia 4500
008 - عناصر البيانات ثابتة الطول - معلومات عامة
حقل البيانات ثابتة الطول 140319s9999 xx 000 0 ara d
040 ## - مصدر الفهرسة
وكالة الفهرسة الأصلية GCL /
وكالة النسخ GCL
082 04 - رقم تصنيف ديوى العشرى
رقم التصنيف 229.4
رقم المادة م ق
100 1# - المدخل الرئيسى - إسم شخصى
الإسم الشخصى محمد احمد
245 10 - بيان العنوان
العنوان القران وعلومة - الحديث وعلومة /
بيان المسئوليه,etc محمد احمد
700 1# - المدخل الاضافى - اسم شخصى
الإسم الشخصى محمد احمد خلف الله
300 ## - الوصف المادى
التعداد 56 ص
490 ## - بيان السلسلة
عنوان السلسلة موسوعة الحضارة العربية الاسلامية
رقم المجلد/ التعيين التسلسلي 0
650 04 - المدخل الاضافى بالموضوع-مصطلح موضوعى
مصطلح موضوعي الاسلام
650 04 - المدخل الاضافى بالموضوع-مصطلح موضوعى
مصطلح موضوعي الحديث
650 04 - المدخل الاضافى بالموضوع-مصطلح موضوعى
مصطلح موضوعي الدين الاسلامى
650 04 - المدخل الاضافى بالموضوع-مصطلح موضوعى
مصطلح موضوعي القران
942 ## - عناصر المدخل الإضافي( كوها)
مصدر التصنيف او مخطط الترفيف Dewey Decimal Classification
Koha [default] item type كتاب
Holdings
حالة التراجع حالة الفقد حالة تلف ليس للاعارة المكان المؤقت الموقع الحالى تاريخ الاكتساب اجمالي اﻻعارات رقم الطلب الباركود تاريخ اخر مشاهدة تاريخ تفعيل السعر نوع وعاء كوها
        مكتبة القاهرة الكبرى مكتبة القاهرة الكبرى 03/26/2014   229.4\م ق 116264 03/26/2014 03/26/2014 كتاب
        مكتبة القاهرة الكبرى مكتبة القاهرة الكبرى 03/26/2014   229.4\م ق 116265 03/26/2014 03/26/2014 كتاب

Powered By

EGPV